000 00812nam a2200253Ia 4500
003 OSt
005 20220923220148.0
006 a|||||r|||| 00| 0
007 ta
008 220922b |||||||| |||| 00| 0 hin d
024 _a184,691
037 _cTextual
040 _aARTS
_cARTS
_bhin
041 _2hin
_ahin
082 _aO152,1NRA4x, M6
100 _aराकेशी, अनिल
245 0 _aइन्द्रधनुषी गीत कोई
246 _aIndradhanuṣhī gīt koī
260 _aनई दिल्ली
_b शारदा प्रकाशन
_c1986
300 _a63 पृ.
_ccm.
650 _aहिन्दी साहित्य
_9156264
942 _hO152,1NRA4x, M6
_cTEXL
_2CC
999 _c337975
_d337975